000 00505nam a2200181 a 4500
005 20140412111306.0
008 010427s19uu xx 00 eng d
020 _a0-7105-0468-3
050 _aTR(PS E
_bZo
100 _aHeath, Anne
245 _aAt the zoo /
_cby Anne Heath; illustrated by Chris Rothero.
260 _aEngland :
_bPeter Haddock Ltd,
_c[n.d.]
300 _a1v. (unp.) ; ill.
440 _aLittle Readers
650 _aZoo - Stories
650 _aAnimals - Fiction
999 _c103694
_d103694